BSOP header

The Old Testament of the Jerusalem Bible / (Record no. 12932)

MARC details
000 -LEADER
fixed length control field 00483nam a2200133 4500
008 - FIXED-LENGTH DATA ELEMENTS--GENERAL INFORMATION
fixed length control field 021025s1966 us eng
090 #0 - LOCALLY ASSIGNED LC-TYPE CALL NUMBER (OCLC); LOCAL CALL NUMBER (OCLC)
Classification number (OCLC) (R) ; Classification number, CALL (RLIN) (NR) BS895
Local cutter number (OCLC) ; Book number/undivided call number, CALL (RLIN) B47j
-- 1966
245 10 - TITLE STATEMENT
Title The Old Testament of the Jerusalem Bible /
Statement of responsibility, etc edited by Alexander Jones.
260 ## - PUBLICATION, DISTRIBUTION, ETC. (IMPRINT)
Place of publication, distribution, etc New York :
Name of publisher, distributor, etc Doubleday ,
Date of publication, distribution, etc c1966.
300 ## - PHYSICAL DESCRIPTION
Extent 1587 p. :
Other physical details maps
500 ## - GENERAL NOTE
General note Translated from : La Biblia de Jerusalem
650 #4 - SUBJECT ADDED ENTRY--TOPICAL TERM
Topical term or geographic name as entry element Bible. English
General subdivision Jerusalem.
951 ## - EQUIVALENCE OR CROSS-REFERENCE-GEOGRAPHIC NAME/AREA NAME [OBSOLETE] [CAN/MARC only]
-- 6133
-- BS895/B47j/1966
-- 070613111147171
-- 2000-12-21
-- REF
Holdings
Withdrawn status Lost status Damaged status Not for loan Home library Current library Shelving location Date acquired Accession number Shelving control number Total Checkouts Full call number Date last seen Price effective from Koha item type
        BSOP Library BSOP Library Reference 12/21/2000 6133 127   BS895/B47j/1966 02/23/2013 02/23/2013 Books
BSOP

Biblical Seminary of the Philippines
  All rights Reserved
  © 2024

CONTACT INFORMATION

Biblical Seminary of the Philippines,
  77-B Karuhatan Road, Valenzuela City,
  PHILIPPINES 1441
  Phone: +632 8292-6795 / 8292-6798
  Fax : +632 8292-6675
  Email: library@bsop.edu.ph